000 00653nam a2200241Ia 4500
003 OSt
005 20221005121825.0
006 a|||||r|||| 00| 0
007 ta
008 221004b |||||||| |||| 00| 0 eng d
024 _a50308
037 _cTextual
040 _aCRL
_cCRL
_beng
041 _2eng
_aeng
082 _aT4h3:Ej, E1.2
100 _aSeccombe Thomos
_9631181
245 0 _aIn praise of Oxford
_b An anthology in prose and verse
260 _c1911
650 _aEDUCATION
700 _a Scott H Spencer
_9631182
942 _hT4h3:Ej, E1.2
_cTEXL
_2cc
999 _c1042372
_d1042372